000 01757nam a22004577a 4500
001 000095391
003 CHAP
005 20220329143108.0
008 010920d2005 mx a r 00110 spa d
010 _a91857
011 _a92829
035 _a103395
040 _cCHAP
090 _aTesis
100 0 0 _aMéndez López, Alonso.
_976522
245 1 0 _aManejo integrado de barrenadores del tallo Melanagromyza tomaterae Steyskal y Trichobaris championi Barber en tomate de cáscara (Physalis ixocarpa Brot.) /
_c/por Alonso Méndez López.
260 _aChapingo, Méx. :
_bEl autor,
_c2005.
300 _a90 h. :
_bilus.; gráfs.; cuadros.
502 _aTesis (M.C. en Ciencias en Protección Vegetal) - - UACH. Departamento de Parasitología Agrícola
590 _aALEPH
_b10
_c20130110
_lUCH01
_h1510
590 _aBATCH-UPD
_b10
_c20130110
_lUCH01
_h0342
590 _aBATCH-UPD
_b10
_c20130110
_lUCH01
_h1745
590 _aBATCH-UPD
_b10
_c20130410
_lUCH01
_h0015
590 _aBATCH-UPD
_b10
_c20130914
_lUCH01
_h1122
590 _aBATCH-UPD
_b10
_c20140324
_lUCH01
_h1455
590 _aBATCH-UPD
_b10
_c20141002
_lUCH01
_h0829
590 _aCONVERSION
_b10
_c20130109
_lUCH01
_h1351
590 _aE12093SGE
_b10
_c20130603
_lUCH01
_h1016
650 1 4 _aCultivos
_xPlagas.
_930305
650 1 4 _aManejo integrado de plagas.
_970365
650 1 4 _aMelanagromyza.
_974303
650 1 4 _aTomate verde
_xPlagas.
_9113827
650 1 4 _aTrichobaris championi.
_9114922
856 _3Finding aid
_uhttp://10.13.5.2/tesis/103395.pdf
_zTeclea aquí
901 _aBK
905 _aElisama A. H.
942 _cCD
942 _n0
949 _aTesis
_bBC
_cTES
_d00000000103395
_eTS1
_h44337
_i103395
_sb
949 _aTesis
_bBC
_cTES
_d33724000969838
_eTS2
_fc.2
_h44338
_i103395
_si
999 _c91857
_d91857